000 00426nam a22001697a 4500
003 NUST - PNEC
005 20170116180947.0
008 150907b xxu||||| |||| 00| 0 eng d
020 _a-
040 _cLIBRARY
082 _a621.381 YOU
100 _99003
_aYoung, John Frederick
245 _aApplied electronics
_cJohn Frederick Young
260 _cc.1968
650 _99004
_aTransistor amplifiers
_xEL
942 _2ddc
_cBK
999 _c66322
_d66322